Statistics for Guess the country by Native Food

Click here to take the quiz!

General Stats

  • This quiz has been taken 69 times
  • The average score is 12 of 15

Answer Stats

Native FoodCountry% Correct
Pizza, Spaghetti and
Lasagne
Italy
100%
Sushi, Onigiri and UnagiJapan
100%
Tacos, Burritos and EnchiladasMexico
100%
Fish n Chips, Apple Crumble
and Haggis
United Kingdom/UK
100%
Dumplings, Sweet and
Sour Pork and Chow Mein
China
98%
Macorons, Croissants and
Chocolate Souffle
France
98%
Roti, Curry and BiryaaniIndia
98%
Hotdogs, Hamburgers and
Apple Pie
United States/USA
98%
Vegemite, Meat
Pie and Fairy Bread
Australia
86%
Moussaka, Dolmades and
Courgette Balls
Greece
74%
Nasi Goreng, Soto and BaksoIndonesia
72%
Sel Roti, Dhal Bhat and MomoNepal
49%
Aborrajados, Carimanola and
Arepas
Colombia
47%
Cape Malay Curry, Bunny Chow
and Malva Pudding
South Africa
44%
Sesika, Ravitoto and AkohoMadagascar
26%

Score Distribution

Percentile by Number Answered

Percent of People with Each Score

Your Score History

You have not taken this quiz